<?xml version="1.0" encoding="UTF-8"?>
<record
    xmlns:xsi="http://www.w3.org/2001/XMLSchema-instance"
    xsi:schemaLocation="http://www.loc.gov/MARC21/slim http://www.loc.gov/standards/marcxml/schema/MARC21slim.xsd"
    xmlns="http://www.loc.gov/MARC21/slim">

  <leader>02020cam a2200325 a 4500</leader>
  <controlfield tag="003">EG-GiCUC</controlfield>
  <controlfield tag="005">20250223031746.0</controlfield>
  <controlfield tag="008">170722s2016    ua o   f m    000 0 fre d</controlfield>
  <datafield tag="040" ind1=" " ind2=" ">
    <subfield code="a">EG-GiCUC</subfield>
    <subfield code="b">fre</subfield>
    <subfield code="c">EG-GiCUC</subfield>
  </datafield>
  <datafield tag="041" ind1="0" ind2=" ">
    <subfield code="a">fre</subfield>
  </datafield>
  <datafield tag="049" ind1=" " ind2=" ">
    <subfield code="a">Deposite</subfield>
  </datafield>
  <datafield tag="097" ind1=" " ind2=" ">
    <subfield code="a">M.A</subfield>
  </datafield>
  <datafield tag="099" ind1=" " ind2=" ">
    <subfield code="a">Cai01.02.13.M.A.2016.Yo.D</subfield>
  </datafield>
  <datafield tag="100" ind1="0" ind2=" ">
    <subfield code="a">Youstina Maher Farag</subfield>
  </datafield>
  <datafield tag="245" ind1="1" ind2="3">
    <subfield code="a">Le discours politique dans des talk shows fran&#xE7;ais et &#xE9;gyptien 2005-2011 : </subfield>
    <subfield code="b">Etude sociolinguistique / </subfield>
    <subfield code="c">Youstina Maher Farag ; Sous la direction de Madiha Doss</subfield>
  </datafield>
  <datafield tag="246" ind1="1" ind2="5">
    <subfield code="a">2011/2005&#x627;&#x644;&#x62E;&#x637;&#x627;&#x628; &#x627;&#x644;&#x633;&#x64A;&#x627;&#x633;&#x649; &#x641;&#x649; &#x628;&#x631;&#x627;&#x645;&#x62C; &#x62D;&#x648;&#x627;&#x631;&#x64A;&#x629; &#x645;&#x635;&#x631;&#x64A;&#x629; &#x641;&#x631;&#x646;&#x633;&#x64A;&#x629; : </subfield>
    <subfield code="b">&#x62F;&#x631;&#x627;&#x633;&#x629; &#x627;&#x62C;&#x62A;&#x645;&#x627;&#x639;&#x64A;&#x629; &#x644;&#x63A;&#x648;&#x64A;&#x629;</subfield>
  </datafield>
  <datafield tag="260" ind1=" " ind2=" ">
    <subfield code="a">Cairo : </subfield>
    <subfield code="b">Youstina Maher Farag , </subfield>
    <subfield code="c">2016</subfield>
  </datafield>
  <datafield tag="300" ind1=" " ind2=" ">
    <subfield code="a">163 P. : </subfield>
    <subfield code="b">photographs ; </subfield>
    <subfield code="c">25cm</subfield>
  </datafield>
  <datafield tag="502" ind1=" " ind2=" ">
    <subfield code="a">Thesis (M.A.) - Cairo University - Faculty of Arts - Department of French</subfield>
  </datafield>
  <datafield tag="520" ind1=" " ind2=" ">
    <subfield code="a">La t&#xE9;l&#xE9;vision en g&#xE9;n&#xE9;ral et le talk show en particulier jouent un r&#xF4;le tr&#xE8;s important. Un r&#xF4;le non seulement de communication, mais aussi de formation ou au moins d{u2019}orientation pour l{u2019}opinion publique. Le sujet de cette th&#xE8;se s'inscrit dans deux domaines &#xE0; la fois: le premier est la sociolinguistique, le second est le domaine des m&#xE9;dias. &#xC0; la lumi&#xE8;re des &#xE9;tudes qui ont &#xE9;t&#xE9; faites sur les m&#xE9;dias en g&#xE9;n&#xE9;ral et de ce genre en particulier, nous allons essayer de faire une analyse comparative entre le d&#xE9;bat politique dans un talk show qui appartient &#xE0; la soci&#xE9;t&#xE9; fran&#xE7;aise et celui d'une soci&#xE9;t&#xE9; &#xE9;gyptienne. &#xC0; travers notre analyse, nous allons essayer de montrer que le m&#xE9;canisme de ce genre t&#xE9;l&#xE9;visuel (le talk show) ainsi que les enjeux du d&#xE9;bat politique dans les deux cultures ont des caract&#xE8;res communs</subfield>
  </datafield>
  <datafield tag="530" ind1=" " ind2=" ">
    <subfield code="a">Issued also as CD</subfield>
  </datafield>
  <datafield tag="653" ind1=" " ind2="4">
    <subfield code="a">M&#xE9;dia</subfield>
  </datafield>
  <datafield tag="653" ind1=" " ind2="4">
    <subfield code="a">Politique</subfield>
  </datafield>
  <datafield tag="653" ind1=" " ind2="4">
    <subfield code="a">Talk show </subfield>
  </datafield>
  <datafield tag="700" ind1="0" ind2=" ">
    <subfield code="a">Madiha Doss , </subfield>
    <subfield code="e">Supervisor</subfield>
  </datafield>
  <datafield tag="856" ind1=" " ind2=" ">
    <subfield code="u">http://172.23.153.220/th.pdf</subfield>
  </datafield>
  <datafield tag="905" ind1=" " ind2=" ">
    <subfield code="a">Nazla</subfield>
    <subfield code="e">Revisor</subfield>
  </datafield>
  <datafield tag="905" ind1=" " ind2=" ">
    <subfield code="a">Samia</subfield>
    <subfield code="e">Cataloger</subfield>
  </datafield>
  <datafield tag="942" ind1=" " ind2=" ">
    <subfield code="2">ddc</subfield>
    <subfield code="c">TH</subfield>
  </datafield>
  <datafield tag="999" ind1=" " ind2=" ">
    <subfield code="c">61643</subfield>
    <subfield code="d">61643</subfield>
  </datafield>
  <datafield tag="952" ind1=" " ind2=" ">
    <subfield code="2">ddc</subfield>
    <subfield code="7">0</subfield>
    <subfield code="a">CUCL</subfield>
    <subfield code="b">cl210</subfield>
    <subfield code="d">2024-02-11</subfield>
    <subfield code="o">Cai01.02.13.M.A.2016.Yo.D</subfield>
    <subfield code="p">01010110072130000</subfield>
    <subfield code="r">2023-09-22 00:00:00</subfield>
    <subfield code="y">TH</subfield>
  </datafield>
  <datafield tag="952" ind1=" " ind2=" ">
    <subfield code="2">ddc</subfield>
    <subfield code="7">0</subfield>
    <subfield code="a">CUCL</subfield>
    <subfield code="b">cl2u8</subfield>
    <subfield code="d">2024-02-11</subfield>
    <subfield code="o">Cai01.02.13.M.A.2016.Yo.D</subfield>
    <subfield code="p">01020110072130000</subfield>
    <subfield code="r">2023-09-22 00:00:00</subfield>
    <subfield code="t">72130.CD</subfield>
    <subfield code="y">CD</subfield>
  </datafield>
</record>
